Retail Architecture S-XXL : Entwicklung, Gestaltung, Projekte = Development, design, projects /

Bibliographic Details
Main Author: Messedat, Jons, 1965-
Format: Book
Language:German
English
Language Notes:Text in German and English.
Published: Ludwigsburg : AV Edition, [2015]
Subjects:

MARC

Tag First Indicator Second Indicator Subfields
LEADER 00000cam a2200000Ia 4500
001 in00003528186
005 20170928132634.0
008 150220t20152015gw ae 000 0 ger d
020 |a 9783899862133 
020 |a 3899862139 
035 |a (OCoLC)ocn903801488 
040 |a ERASA  |e rda  |c ERASA  |d BDX  |d BWK  |d JPG  |d YDX  |d UtOrBLW 
041 1 |a ger  |a eng  |h ger 
049 |a TXAM 
050 4 |a NA6220  |b .M47 2015 
082 0 |a 724.6 
100 1 |a Messedat, Jons,  |d 1965-  |0 http://id.loc.gov/authorities/names/no2005104687 
245 1 0 |a Retail Architecture S-XXL :  |b Entwicklung, Gestaltung, Projekte = Development, design, projects /  |c Jons Messedat. 
246 3 1 |a Development, design, projects 
264 1 |a Ludwigsburg :  |b AV Edition,  |c [2015] 
264 4 |c ©2015 
300 |a 223 pages :  |b chiefly color illustrations, plans ;  |c 29 cm. 
336 |a text  |b txt  |2 rdacontent 
337 |a unmediated  |b n  |2 rdamedia 
546 |a Text in German and English. 
650 0 |a Commercial buildings  |x Design and construction. 
650 0 |a Shopping centers  |x Design and construction. 
650 0 |a Store decoration.  |0 http://id.loc.gov/authorities/subjects/sh85128369 
945 |a PromptCat  |b 274195 
946 |a stk 
947 |a A14842894124 
948 |a cataloged  |b h  |c 2015/8/6  |d c  |e dmitchel  |f 3:44:28 pm 
994 |a 92  |b TXA 
999 f f |s 83aef011-b984-3534-9144-0d49a32e933b  |i 5eb79605-3588-3332-a98f-edfaeab29476  |t 0 
952 f f |p normal  |a Texas A&M University  |b College Station  |c Sterling C. Evans Library  |d Evans: Library Stacks  |t 0  |e NA6220 .M47x 2015  |h Library of Congress classification  |i unspecified -- unspecified  |m A14842894124 
998 f f |a NA6220 .M47x 2015  |t 0  |l Evans: Library Stacks